[Event "Niederbayernliga 1516"]
[Site "Bayern"]
[Date "2016.04.10"]
[Round "9.6"]
[White "Hirtreiter, Karl Heinz"]
[Black "Rund, Reinhard"]
[Result "0-1"]
[WhiteElo "1676"]
[BlackElo "1846"]
[PlyCount "76"]
[EventDate "2015.10.11"]
[EventType "team-tourn"]
[EventRounds "9"]
[EventCountry "GER"]
[SourceTitle "EXT 2023"]
[Source "ChessBase"]
[SourceDate "2022.10.05"]
[SourceVersion "1"]
[SourceVersionDate "2022.10.05"]
[SourceQuality "1"]
[WhiteTeam "Roehrnbach II"]
[BlackTeam "Rottal II"]
[WhiteTeamCountry "GER"]
[BlackTeamCountry "GER"]

1. e4 c5 2. Nf3 d6 3. d4 cxd4 4. Nxd4 Nf6 5. Nc3 a6 6. Bg5 e6 7. f4 Be7 8. Qf3 Qc7 9. 0-0-0 0-0 10. g4 b5 11. Bd3 Bb7 12. Rhe1 Nbd7 13. Kb1 Nc5 14. Bxf6 Bxf6 15. Qe3 e5 16. fxe5 Bxe5 17. h4 Nxd3 18. Qxd3 Rac8 19. a3 Rfd8 20. Qe2 Qc4 21. Qe3 g6 22. Rd3 b4 23. axb4 Qxb4 24. Red1 a5 25. Na2 Qb6 26. Rb3 Qc7 27. Rc3 Qd7 28. Qe2 Bf6 29. h5 Re8 30. hxg6 fxg6 31. Rxc8 Qxc8 32. Nc3 Qc5 33. Qd3 Qe5 34. Ndb5 Ba6 35. Qxd6 Bxb5 36. Nxb5 Rd8 37. Qxe5 Rxd1+ 38. Ka2 Bxe5 0-1

[Event "Niederbayernliga 1516"]
[Site "Bayern"]
[Date "2015.11.15"]
[Round "3.6"]
[White "Krause, Karl Heinz"]
[Black "Hirtreiter, Karl Heinz"]
[Result "0-1"]
[WhiteElo "1370"]
[BlackElo "1676"]
[PlyCount "120"]
[EventDate "2015.10.11"]
[EventType "team-tourn"]
[EventRounds "9"]
[EventCountry "GER"]
[SourceTitle "EXT 2023"]
[Source "ChessBase"]
[SourceDate "2022.10.05"]
[SourceVersion "1"]
[SourceVersionDate "2022.10.05"]
[SourceQuality "1"]
[WhiteTeam "Landau Dingolfing II"]
[BlackTeam "Roehrnbach II"]
[WhiteTeamCountry "GER"]
[BlackTeamCountry "GER"]

1. e4 e5 2. Bc4 Nf6 3. Nc3 Be7 4. Nf3 d6 5. d4 exd4 6. Nxd4 0-0 7. 0-0 Bd7 8. Bg5 Nc6 9. Nxc6 Bxc6 10. Bxf6 Bxf6 11. Qf3 Bxc3 12. bxc3 Qd7 13. Bd3 Rae8 14. Rfe1 Re7 15. Re3 Rfe8 16. Rae1 Qe6 17. Qf4 Qe5 18. Qh4 g6 19. f4 Qg7 20. f5 g5 21. Qf2 f6 22. Bc4+ Kh8 23. Be6 Bd7 24. Bc4 Re5 25. Bd3 Bc6 26. Qe2 Qe7 27. Qg4 d5 28. Rh3 dxe4 29. Be2 Bd7 30. Rf1 Qc5+ 31. Kh1 Bxf5 32. Rxf5 Rxf5 33. Rxh7+ Kxh7 34. Qh5+ Kg7 35. Qxe8 Re5 36. Qd7+ Qe7 37. Qd2 Qd6 38. Qe3 Qb6 39. Qd2 Qb1+ 40. Bd1 Qxa2 41. Qd7+ Qf7 42. Qg4 Qe6 43. Qh5 Qf5 44. h3 Qf4 45. Be2 Qh4 46. Kh2 Qxh5 47. Bxh5 a5 48. Be2 b5 49. c4 b4 50. Kg3 f5 51. Kf2 a4 52. Ke3 c5 53. Kd2 Kf6 54. Kc1 Re7 55. Kb2 Ke5 56. g3 Rh7 57. c3 bxc3+ 58. Kc1 Rxh3 59. Kb1 Rxg3 60. Ka2 Rg2 0-1

[Event "Niederbayernliga 1516"]
[Site "Bayern"]
[Date "2015.10.11"]
[Round "1.5"]
[White "Hirtreiter, Karl Heinz"]
[Black "Bilyavskyy, Borys"]
[Result "1/2-1/2"]
[WhiteElo "1676"]
[BlackElo "1814"]
[PlyCount "133"]
[EventDate "2015.10.11"]
[EventType "team-tourn"]
[EventRounds "9"]
[EventCountry "GER"]
[SourceTitle "EXT 2023"]
[Source "ChessBase"]
[SourceDate "2022.10.05"]
[SourceVersion "1"]
[SourceVersionDate "2022.10.05"]
[SourceQuality "1"]
[WhiteTeam "Roehrnbach II"]
[BlackTeam "Ergolding"]
[WhiteTeamCountry "GER"]
[BlackTeamCountry "GER"]

1. e4 e5 2. Nf3 Nc6 3. Bb5 Nf6 4. 0-0 Be7 5. Re1 d6 6. d4 exd4 7. Nxd4 Bd7 8. Nc3 0-0 9. Nxc6 bxc6 10. Bd3 Ng4 11. Bf4 Bf6 12. Qd2 Rb8 13. Rab1 Ne5 14. Bf1 Re8 15. b3 Ng6 16. Bg3 Rb4 17. Bd3 Rb8 18. Kh1 Qc8 19. Rbd1 Qb7 20. f4 Bg4 21. Ne2 a5 22. a4 Qb4 23. Qxb4 Rxb4 24. h3 Bxe2 25. Rxe2 Bc3 26. Rf1 f6 27. Rf3 Bd4 28. Be1 Rb7 29. Bxa5 d5 30. exd5 Rxe2 31. Bxe2 cxd5 32. Bd2 c6 33. Bd3 Nf8 34. Be3 Bxe3 35. Rxe3 Kf7 36. g3 g6 37. Kg2 Nd7 38. h4 h5 39. Kf2 f5 40. Ke1 Nf6 41. Kd1 Ne4 42. Kc1 Ke6 43. Kb2 Kd6 44. c3 Nc5 45. Bc2 Nxa4+ 46. Ka3 Nc5 47. b4 Ra7+ 48. Kb2 Ne4 49. Bxe4 fxe4 50. c4 Ke6 51. Kb3 Kf5 52. cxd5 cxd5 53. b5 d4 54. Re1 d3 55. Kc3 Rc7+ 56. Kd4 Rd7+ 57. Ke3 Rd5 58. Rb1 d2 59. Ke2 d1Q+ 60. Rxd1 Rxb5 61. Rd6 Rb2+ 62. Ke3 Rb3+ 63. Kf2 Rd3 64. Ra6 Rd5 65. Ke3 Rb5 66. Rc6 Rb3+ 67. Kf2 1/2-1/2